| 000 | 00887nam a2200241 a 4500 | ||
|---|---|---|---|
| 001 | 000729592 | ||
| 003 | AM-YeHGA | ||
| 005 | 20250617143119.0 | ||
| 008 | 100419s1957 xx r 000 0 eng d | ||
| 040 | _aAM-YeHGA | ||
| 041 | 0 | _aeng | |
| 100 | 1 | _aRobb, Mary Cooper | |
| 245 | 1 | 0 |
_aWilliam Faulkner : _bAn estimate of his contribution to the modern American novel / _cby Mary Cooper Robb. |
| 260 |
_aPittsburgh : _bUniversity of Pittsburgh Press, _c1957. |
||
| 300 |
_a70 p. ; _c23 cm. |
||
| 440 | 0 |
_aCritical essays in English and American literature, _vNo. 1 |
|
| 504 | _aBibliography: p. 65-66. | ||
| 504 | _aIncludes bibliogr. references : (p. 65-70) | ||
| 600 | 1 | 4 |
_aFaulkner, William, _d1897-1962 _xCriticism and interpretation |
| 650 | 1 | 4 |
_aAmerican fiction _y20th century _xHistory and criticism |
| 651 | 4 |
_aMississippi _xIntellectual life _y20th century |
|
| 090 | _c271397 | ||
| 999 |
_c269760 _d269760 |
||